The Mentally disordered offender / (Record no. 101748)

MARC details
000 -LEADER
fixed length control field 00986cam a2200277 a 4500
008 - FIXED-LENGTH DATA ELEMENTS--GENERAL INFORMATION
fixed length control field
020 ## - INTERNATIONAL STANDARD BOOK NUMBER
International Standard Book Number 0750600284 (hbk.)
049 ## - LOCAL HOLDINGS (OCLC)
Holding library MAIN
050 00 - LIBRARY OF CONGRESS CALL NUMBER
Classification number HV8742.G72
-- MEN
003 - CONTROL NUMBER IDENTIFIER
control field
005 - DATE AND TIME OF LATEST TRANSACTION
control field 20230120193602.0
040 ## - CATALOGING SOURCE
Transcribing agency NUST
245 04 - TITLE STATEMENT
Title The Mentally disordered offender /
Statement of responsibility, etc. edited by Katia R. Herbst and John Gunn.
260 ## - PUBLICATION, DISTRIBUTION, ETC.
Place of publication, distribution, etc. Oxford :
Name of publisher, distributor, etc. Butterworth-Heinemann in association with the Mental Health Foundation,
Date of publication, distribution, etc. 1991.
300 ## - PHYSICAL DESCRIPTION
Extent xi, 256 p. :
Other physical details ill. ;
Dimensions 24 cm.
504 ## - BIBLIOGRAPHY, ETC. NOTE
Bibliography, etc. note Includes bibliographical references.
500 ## - GENERAL NOTE
General note Includes index.
650 #0 - SUBJECT ADDED ENTRY--TOPICAL TERM
Topical term or geographic name entry element Mentally ill offenders
Geographic subdivision Great Britain
General subdivision Congresses.
650 #0 - SUBJECT ADDED ENTRY--TOPICAL TERM
Topical term or geographic name entry element Mentally ill
General subdivision Care
Geographic subdivision Great Britain
General subdivision Congresses.
650 #0 - SUBJECT ADDED ENTRY--TOPICAL TERM
Topical term or geographic name entry element Insanity
General subdivision Jurisprudence
Geographic subdivision Great Britain
General subdivision Congresses.
700 1# - ADDED ENTRY--PERSONAL NAME
Personal name Herbst, Katia R.
700 1# - ADDED ENTRY--PERSONAL NAME
Personal name Gunn, John Charles.
710 2# - ADDED ENTRY--CORPORATE NAME
Corporate name or jurisdiction name as entry element Mental Health Foundation (London, England)
907 ## - LOCAL DATA ELEMENT G, LDG (RLIN)
a .b10198647
b 11-04-06
c 11-04-06
942 ## - ADDED ENTRY ELEMENTS (KOHA)
Koha item type Ordinary Loan Books
Holdings
Date last seen Total Checkouts Full call number Barcode Cost, replacement price Price effective from Koha item type Lost status Source of classification or shelving scheme Damaged status Not for loan Collection Withdrawn status Home library Current library Shelving location Date acquired Cost, normal purchase price
01/20/2023 1 HV8742.G72 MEN 92004002239 80.00 01/20/2023 BOOKS-SL   LCC     NFIC   MAIN MAIN GEN 01/20/2023 80.00